LEADER 02179nam 2200445 450 001 996545353803316 005 20231208170859.0 010 $a9783748941590 035 $a(CKB)5670000000747465 035 $a(NjHacI)995670000000747465 035 $a(EXLCZ)995670000000747465 100 $a20231124d2023 uy 0 101 0 $ager 135 $aur||||||||||| 181 $ctxt$2rdacontent 182 $cc$2rdamedia 183 $acr$2rdacarrier 200 10$aImmaterieller Schadensersatz und der Wandel vo?lkerrechtlicher Privatrechtsanalogien /$fRobert Christoph Stendel 210 1$aBaden-Baden :$cNomos Verlagsgesellschaft mbH & Co. KG,$d2023. 215 $a1 Online Ressource 225 1 $aBeiträge zum ausländischen öffentlichen Recht und Völkerrecht ;$vBand 325. 311 $a3-7560-0624-7 320 $aIncludes bibliographical references. 330 $aThe study offers a comprehensive analysis of non-material damages in public international law enriched by historical, empirical, and sociological perspectives. Individual chapters examine how inter-state international law, the three major regional human rights systems (ECHR, IACHR, AfCHPR), and international investment law deal with those damages. These chapters are linked to the overarching issue of whether international law's profound changes affected its private law heritage. As an analytical framework, the study employs the distinction between private and public law. Additionally, it offers insights into the national biases stemming from international law's reception of private law and the resulting problems for its application. 606 $aExemplary damages 606 $aInternational law 606 $aHuman rights 606 $aPrivate law 615 0$aExemplary damages. 615 0$aInternational law. 615 0$aHuman rights. 615 0$aPrivate law. 676 $a346.03 700 $aStendel$b Robert Christoph.$f1990-$01448731 801 0$bNjHacI 801 1$bNjHacl 906 $aBOOK 912 $a996545353803316 996 $aImmaterieller Schadensersatz und der Wandel vo?lkerrechtlicher Privatrechtsanalogien$93644529 997 $aUNISA LEADER 01112nam 2200397 450 001 9910822201703321 005 20230822235506.0 010 $a1-74382-141-7 035 $a(CKB)4100000011340432 035 $a(MiAaPQ)EBC6240690 035 $a(EXLCZ)994100000011340432 100 $a20201020d2020 uy 0 101 0 $aeng 135 $aurcnu|||||||| 181 $ctxt$2rdacontent 182 $cc$2rdamedia 183 $acr$2rdacarrier 200 10$aSpy vs spy $ethe new age of espionage /$fAndrew Davies [and five others] 210 1$aCarlton, Victoria :$cSchwartz Books,$d2020. 215 $a1 online resource (97 pages) 311 $a1-76064-202-9 606 $aSpies$zAustralia 606 $aIntelligence service$zAustralia 606 $aNational security$zAustralia 615 0$aSpies 615 0$aIntelligence service 615 0$aNational security 676 $a327.1294 700 $aDavies$b Andrew$0376545 801 0$bMiAaPQ 801 1$bMiAaPQ 801 2$bMiAaPQ 906 $aBOOK 912 $a9910822201703321 996 $aSpy vs spy$93989595 997 $aUNINA